000 00634nam a2200193Ia 4500
003 GCL
008 140319s9999 xx 000 0 ara d
040 _aGCL /
_cGCL
082 0 4 _a216
_bج ا
100 1 _aجمال سلطان
245 1 0 _aالاسلام ومازق الفكر القومى /
_cجمال سلطان
260 _a[S.N] :
_bدار الوفاء للطباعة والنشر والتوزيع ،
_c1989
300 _a90 ص
490 _aنحو عقلية اسلامية واعية
_v0
650 0 4 _aالاسلام
650 0 4 _aالفكر الاسلامى
650 0 4 _aالاصلاح الدينى
942 _2ddc
_cBK
999 _c53664
_d53664